000
00443nam a2200145Ia 4500
008
100122s9999 xx 000 0 und d
082
_b
49821
_a
923.247
100
_a
आठवले सदाशिव
245
_a
केमाल पाशा
260
_b
श्रीविद्या प्रकाशन
_c
1994
300
_a
270
630
_a
केमाल पाशा
730
_a
केमाल पाशा
942
_c
BOOK
999
_c
427662
_d
427659